000 00550nam a2200181 i 4500
001 72396
003 ES-MaACL
005 20230906171428.0
007 t|
008 040901s1973 sp |||| | spa d
100 1 _aGirardi, Giulio.
_957231
245 1 0 _aCristianismo y liberación del hombre /
_cGiulio Girardi ; [tradujo Leopoldo Márquez].
260 _aSalamanca :
_bSígueme,
_c1973.
300 _a220 p. ;
_c21 cm.
650 4 _aCristianismo-
_xHistoria-
_yS.XX.
_9160094
700 1 _aMárquez, Leopoldo.
_977010
852 _aES-MaACL
_jC-55238
999 _c72396
_d72396